00397nam a2200121Ia 450000500170000000800410001708200190005810000200007724500470009726000570014430000110020150000630021220250306012225.0240331s9999 xx 000 0 und d bJAM24302a920 aJameel, S. H. M 0aKalanithi Badiudin Mahmudin Kalvip Panikal aSainthamaruthubIslamic Book Publishing Centrec1997 a44 p., aThe educational contributions of Dr. Alhaj Badiudin Mahmud